00883nam a22001817a 450000500170000000800410001702000180005805000250007610000280010124500620012926000510019130000440024250503040028665000140059065000320060470000260063670000390066220231102151936.0160601s2012 ag ad||fr|||| 00| 0 spa d a978987182614804aHF5415.122bG37 20121 aGarcía, Faustoeautor10aServiciosb : manual de supervivenciac / Fausto García3 aArgentinab : Temasb : IPAEDEb : IAEc, 2012 a210 páginasb : ilustrado, gráficas aPrepárese para un vieje por la empresa de servicios Valor para la empresa Fidelización de los clientes Valor para el cliente Presentación: el momento de la verdad Fidelización de empleados Valor para el empleado El modelo de la "s": una lectura alternativa Cultura innovadora ¿cómo segur?10aSERVICIOS20aADMIISTRACIÓN DE EMPRESAS1 aLuchi, Robertoeautor10bArenas Ballester, Franciscoqautor